00772nam a22002177a 4500003000500000005001700005008004100022010001000063011001000073035001000083040000900093100002900102245016100131260004000292300002100332502007700353650003400430650002600464650004000490650002400530CHAP20220329134020.0971013s1985 r 00010 d a14115 a15087 a19161 cCHAP00aGonzález Loc, Mariano. aEfecto de la densidad de siembra de grano y otros components morfológicos del trigo Triticum aestivum L.) sembrado en surcos en el Valle de Mexicali, B.C. aChapingo, Méx. :bEl autor,c1985 a82 h.b: gráfs aTesis (Ing. Agr. Esp. en Fitotecnia) -- UACH. Departamento de Fitotecnia14aTrigoxBaja California Norte.14aTrigoxEspaciamiento.14aTrigoxFisiología y morfología.14aTrigoxRendimiento.